00396nam a2200133 a 450000100100000000500170001000800410002704000250006808200160009311000340010924500240014326000610016730000340022800003129420200930062830.0110617s2005 dr ac 000 0 spa d aDO-SdBNPbspacBNPHU axxxxbF981i2 aBanco Dominicano del Progreso10aMemoria anual 2002. aSanto Domingo :bBanco Dominicano del Progreso,c[2005]. a74 p :bil., retrs. ;c29 cm.